[Event "Western Canadian op"]
[Site "Richmond CAN"]
[Date "2004.07.10"]
[Round "2.19"]
[White "Hansen, Eric"]
[Black "Henson, Joshua"]
[Result "0-1"]
[WhiteElo "1509"]
[BlackElo "2207"]
[PlyCount "146"]
[GameId "2160767911095493"]
[EventDate "2004.07.09"]
[EventType "swiss"]
[EventRounds "10"]
[EventCountry "CAN"]

1. e4 e6 2. Nf3 d5 3. exd5 exd5 4. d4 Nc6 5. Be3 Bd6 6. Nbd2 Bf5 7. Bb5 a6 8. Bxc6+ bxc6 9. h3 Ne7 10. O-O Ng6 11. c4 O-O 12. c5 Bf4 13. Nb3 Be4 14. Nbd2 Bf5 15. Re1 Qf6 16. Nf1 Rab8 17. b3 Rfe8 18. Qe2 Bxe3 19. fxe3 Rb5 20. Ng3 Be4 21. Nxe4 Rxe4 22. Nd2 Re6 23. a4 Rb8 24. Qxa6 Rbe8 25. Nf1 Nh4 26. Qd3 Nf5 27. Rad1 Re4 28. b4 Qg5 29. Qd2 Kf8 30. Qf2 R8e6 31. Rd3 Rf6 32. Qd2 Rh4 33. e4 Qxd2 34. Nxd2 Re6 35. g4 Ne7 36. Kf2 h5 37. Kg3 Ng6 38. e5 Rxh3+ 39. Kxh3 Nf4+ 40. Kg3 Nxd3 41. Rb1 hxg4 42. Kxg4 Re8 43. Nf3 Ra8 44. b5 Rxa4 45. b6 cxb6 46. Rxb6 Nxc5 47. Rxc6 Ne6 48. Rd6 Nxd4 49. Rxd5 Nxf3+ 50. Kxf3 Ke7 51. Rb5 Ke6 52. Ke3 g5 53. Kf3 Rd4 54. Ke3 Rd5 55. Rb7 Rxe5+ 56. Kd4 Rd5+ 57. Ke4 f5+ 58. Ke3 Ra5 59. Kd4 Ra4+ 60. Ke3 g4 61. Rb6+ Ke5 62. Rb5+ Kf6 63. Rb6+ Kg5 64. Rb5 Ra3+ 65. Kf2 g3+ 66. Kg2 Kg4 67. Rb8 Ra2+ 68. Kg1 f4 69. Rb1 Kh3 70. Re1 f3 71. Rf1 Rg2+ 72. Kh1 Rh2+ 73. Kg1 f2+ 0-1

[Event "Western Canadian op"]
[Site "Richmond CAN"]
[Date "2004.07.12"]
[Round "4.33"]
[White "Hansen, Eric"]
[Black "Cameanii, Valerii"]
[Result "1-0"]
[WhiteElo "1509"]
[BlackElo "1717"]
[PlyCount "76"]
[GameId "2160767911095556"]
[EventDate "2004.07.09"]
[EventType "swiss"]
[EventRounds "10"]
[EventCountry "CAN"]

1. e4 Nf6 2. Nc3 d5 3. exd5 Nxd5 4. Nxd5 Qxd5 5. c4 Qa5 6. Nf3 Bg4 7. Be2 e5 8. O-O Bd6 9. Re1 O-O 10. d4 exd4 11. Nxd4 Bxe2 12. Qxe2 Nd7 13. Bd2 Qb6 14. Bc3 Be5 15. Rad1 Rfe8 16. Qd2 c5 17. Nf5 Bxc3 18. Qxc3 Rxe1+ 19. Rxe1 Qf6 20. Qh3 Ne5 21. b3 Rd8 22. Ne3 Re8 23. Rf1 Qe6 24. Qg3 h6 25. Nd5 Qg6 26. Qe3 Qc6 27. f4 Ng6 28. Qg3 Qd6 29. Qg4 Re4 30. Qc8+ Kh7 31. f5 Ne7 32. Qf8 Nxf5 33. Qxf7 Re6 34. Qxf5+ Kh8 35. Qf8+ Qxf8 36. Rxf8+ Kh7 37. Kf2 Rd6 38. Rf7 a6 1-0

[Event "Western Canadian op"]
[Site "Richmond CAN"]
[Date "2004.07.13"]
[Round "5.28"]
[White "Palmer, Jordan"]
[Black "Hansen, Eric"]
[Result "1-0"]
[WhiteElo "1915"]
[BlackElo "1509"]
[PlyCount "63"]
[GameId "2160767911095586"]
[EventDate "2004.07.09"]
[EventType "swiss"]
[EventRounds "10"]
[EventCountry "CAN"]

1. e4 c5 2. Nf3 Nc6 3. Bb5 a6 4. Bxc6 bxc6 5. O-O e6 6. d4 cxd4 7. Qxd4 Ne7 8. e5 Nf5 9. Qd3 Be7 10. Nc3 O-O 11. Nd4 Nxd4 12. Qxd4 Bb7 13. Qg4 f5 14. Qg3 Bh4 15. Qd3 Bg5 16. Bxg5 Qxg5 17. Qxd7 Rf7 18. Qxe6 Raf8 19. f4 Qg4 20. h3 Qh4 21. Rad1 c5 22. Qb3 g5 23. e6 Re7 24. Rd7 g4 25. Qxb7 Rxe6 26. Qd5 Rfe8 27. Qxf5 Qh6 28. Qg5+ Qxg5 29. fxg5 gxh3 30. gxh3 h6 31. Nd5 Kh8 32. Nf6 1-0

[Event "Western Canadian op"]
[Site "Richmond CAN"]
[Date "2004.07.14"]
[Round "6.35"]
[White "Fletcher, Christopher"]
[Black "Hansen, Eric"]
[Result "0-1"]
[WhiteElo "1652"]
[BlackElo "1509"]
[PlyCount "74"]
[GameId "2160767911095622"]
[EventDate "2004.07.09"]
[EventType "swiss"]
[EventRounds "10"]
[EventCountry "CAN"]

1. d4 d5 2. c4 c6 3. Nf3 g6 4. Nc3 Bg7 5. e4 dxe4 6. Nxe4 Nd7 7. Bg5 Ngf6 8. Nc3 O-O 9. Bd3 h6 10. Bh4 Qb6 11. Qc2 Re8 12. O-O-O e5 13. dxe5 Nxe5 14. Nxe5 Rxe5 15. Rhe1 Rxe1 16. Rxe1 g5 17. Bg3 Be6 18. h4 gxh4 19. Bxh4 Qd4 20. Bxf6 Qxf6 21. Ne4 Qd4 22. Rd1 Kf8 23. Be2 Qe5 24. Kb1 b5 25. c5 b4 26. f4 Qxf4 27. Bc4 Bxc4 28. Qxc4 Qe5 29. Rd2 Re8 30. Re2 Qh5 31. Kc1 f5 32. g4 Qh1+ 33. Kd2 Rxe4 34. Rxe4 Qxe4 35. Qxe4 fxe4 36. Ke3 Bxb2 37. Kxe4 a5 0-1

[Event "Western Canadian op"]
[Site "Richmond CAN"]
[Date "2004.07.16"]
[Round "8.31"]
[White "Hansen, Eric"]
[Black "Krzyzowski, Ernest"]
[Result "1-0"]
[WhiteElo "1509"]
[BlackElo "1741"]
[PlyCount "81"]
[GameId "2160767911095683"]
[EventDate "2004.07.09"]
[EventType "swiss"]
[EventRounds "10"]
[EventCountry "CAN"]

1. e4 Nf6 2. e5 Nd5 3. c4 Nb6 4. d4 d6 5. exd6 cxd6 6. Be3 g6 7. Nc3 Bg7 8. h3 O-O 9. Be2 Bf5 10. Nf3 Nc6 11. O-O d5 12. cxd5 Nxd5 13. Bg5 h6 14. Bh4 g5 15. Bg3 a6 16. a3 Nf4 17. Bxf4 gxf4 18. d5 Ne5 19. Nxe5 Bxe5 20. Re1 Qd6 21. Bg4 Bg6 22. Qb3 f5 23. Bf3 Rab8 24. Re2 Qf6 25. Rae1 Bd6 26. Re6 Qg7 27. Nb1 Kh7 28. Nd2 Bf7 29. R6e2 b5 30. Qc2 Be8 31. Nb3 Bd7 32. Qd3 b4 33. Nd4 bxa3 34. bxa3 Bxa3 35. Qxa3 Qxd4 36. Rxe7+ Kg8 37. Rxd7 Rb2 38. Rf1 Re8 39. Qd6 Rb6 40. Qc7 Rb2 41. Rd8 1-0

[Event "Western Canadian op"]
[Site "Richmond CAN"]
[Date "2004.07.17"]
[Round "9.27"]
[White "Gustafson, Dale"]
[Black "Hansen, Eric"]
[Result "1/2-1/2"]
[WhiteElo "1833"]
[BlackElo "1509"]
[PlyCount "40"]
[GameId "2160767911095711"]
[EventDate "2004.07.09"]
[EventType "swiss"]
[EventRounds "10"]
[EventCountry "CAN"]

1. e4 c5 2. c3 e6 3. d4 d5 4. exd5 exd5 5. Nf3 Nc6 6. Be2 Nf6 7. Bg5 cxd4 8. Nxd4 Be7 9. O-O O-O 10. Nd2 Nxd4 11. cxd4 Be6 12. Bf3 Re8 13. Re1 Rc8 14. Rc1 Rxc1 15. Qxc1 h6 16. Bf4 Qb6 17. Nb3 Rc8 18. Qb1 Bb4 19. Rc1 Rxc1+ 20. Qxc1 Ne8 1/2-1/2

[Event "Western Canadian op"]
[Site "Richmond CAN"]
[Date "2004.07.18"]
[Round "10.25"]
[White "Sum, Peter"]
[Black "Hansen, Eric"]
[Result "0-1"]
[WhiteElo "1791"]
[BlackElo "1509"]
[PlyCount "102"]
[GameId "2160767911095738"]
[EventDate "2004.07.09"]
[EventType "swiss"]
[EventRounds "10"]
[EventCountry "CAN"]

1. d4 e6 2. c4 d5 3. Nf3 Nf6 4. Bg5 Be7 5. Nc3 h6 6. Bh4 Nbd7 7. e3 b6 8. cxd5 exd5 9. Bd3 Bb7 10. Qc2 c5 11. O-O O-O 12. Ne5 a6 13. Bf5 Nxe5 14. dxe5 Ne8 15. Bg3 Nc7 16. Rfd1 Ra7 17. Qb3 b5 18. e6 c4 19. exf7+ Kh8 20. Qc2 Bd6 21. Ne4 Bxg3 22. Nxg3 Rxf7 23. Bg6 Rf8 24. Nh5 Qg5 25. f4 Qe7 26. Qc3 Ne6 27. Qe5 Ba8 28. Ng3 Nc5 29. Qd4 Ne6 30. Qe5 Nc5 31. Qc3 b4 32. Qe1 a5 33. a3 b3 34. Qc3 a4 35. Rd4 Ne6 36. Rd2 Nc7 37. Rad1 Rd8 38. e4 Ne6 39. exd5 Nxf4 40. d6 Qg5 41. Be4 Bxe4 42. Nxe4 Qg4 43. Qxc4 Nh3+ 44. Kf1 Qf4+ 45. Ke1 Re8 46. Re2 Ng1 47. d7 Rxd7 48. Rxd7 Nxe2 49. Rd2 Ng1 50. Qf1 Qxe4+ 51. Kd1 Qb1# 0-1